000 00405nam a2200181Ia 4500
001 17633
005 20260306171531.0
008 260306s9999||||xx |||||||||||||| ||und||
041 _aESP
082 _a658.1
_bS24
100 _aSánchez Yábar, Guido
_eAUT
245 0 _aMi plan de negocios
260 _c2008
300 _a
_c28 cm.
650 _aGEN
654 _aCAN
942 _cLIB
_dJUS
_fJUS
_2ddc
_n
999 _c17633
_d17633